000 00843nam a2200253Ia 4500
003 OSt
005 20220923211428.0
006 a|||||r|||| 00| 0
007 ta
008 220922b |||||||| |||| 00| 0 hin d
020 _a9788776885748 (pbk)
024 _a240,896
037 _cTextual
040 _aARTS
_cARTS
_bhin
041 _2hin
_ahin
082 _aR3xN11, 152P9
100 _aहबर्ड, एल. रॉन
_9159437
245 0 _aसाइंटोलॉजी
_b नया नज़रिया जीने का
246 _aSāianṭolaॉjī: nayā naज़riyā jīne kā
260 _aडेनमार्क
_b हबर्ड प्रकाशन
_c2009
300 _a355पृ.
_ccm.
942 _hR3xN11, 152P9
_cTEXL
_2CC
999 _c299349
_d299349